Quick Pick: The Very Hungry Cat Quiz Stats

 Plays Quiz Updated Jun 22, 2017

Support Sporcle.
Go Orange.
Score 0/10 Timer 01:00
0 Plays Today
% Correct
Green beans
84.1%
Cooked eggs
83.6%
Peas
80.3%
Broccoli
79.4%
Sweet potatoes
79.1%
Pumpkin
78.2%
Cucumber
76.2%
Bananas
72.8%
Corn
71.3%
Cantaloupe
70%

Today's Daily Dose

Missing Word
AMC Shows

Word Ladder
Makeup

Get the Picture
Guitarists

You're not logged in!

Compare scores with friends on all Sporcle quizzes.
OR
Log In
Forgot?

From the Vault

A Decade of Sports (1940s)

by dlte

Sports have changed a lot since the 1940s, but many of the teams remain the same.
Remove Ads.
Support Sporcle.
Get the best of Sporcle when you Go Orange. This ad-free experience offers more features, more stats, and more fun while also helping to support Sporcle. Thank you for becoming a member.

Show Comments

Extras

Top Quizzes Today


Score Distribution

Your Account Isn't Verified!

In order to create a playlist on Sporcle, you need to verify the email address you used during registration. Go to your Sporcle Settings to finish the process.

Report this User

Report this user for behavior that violates our Community Guidelines.

Details: